Normal view
MARC view
Entry Personal Name
001 - CONTROL NUMBER
- control field: 35382
003 - CONTROL NUMBER IDENTIFIER
- control field: OSt
005 - DATE AND TIME OF LATEST TRANSACTION
- control field: 20230524203657.0
008 - FIXED-LENGTH DATA ELEMENTS
- fixed length control field: 230524|| aca||aabn | a|a d
040 ## - CATALOGING SOURCE
- Original cataloging agency: OSt
- Transcribing agency: OSt
100 ## - HEADING--PERSONAL NAME
- Personal name: K.M.Patnaik ( Editors)
670 ## - SOURCE DATA FOUND
- Source citation: Work cat.: (OSt)49183: B.K.Tripathy 35381, Oxford English-English-Oriya Dictionary, 2008
